| 000 | 00385nam a2200169Ia 4500 | ||
|---|---|---|---|
| 100 | _aMeenakshi/Raman | ||
| 650 | _aCommunication skills | ||
| 942 | _cBK | ||
| 366 | _f25 | ||
| 654 | _acommunication skills | ||
| 245 | _aCommunication Skills | ||
| 260 |
_bOxford university press _c2009 |
||
| 082 |
_a371.2 _bMEE |
||
| 300 | _a521 | ||
| 546 |
_aENGLISH _cproduction |
||
| 999 |
_c21717 _d21717 |
||